Tolstoi (Record no. 186319)
[ view plain ]
| 000 -LEADER | |
|---|---|
| campo de control de longitud fija | 00753nam a2200241 i 4500 |
| 001 - NÚMERO DE CONTROL | |
| campo de control | 186319 |
| 003 - IDENTIFICADOR DE NÚMERO DE CONTROL | |
| campo de control | SpMaBN |
| 005 - FECHA Y HORA DE LA ÚLTIMA TRANSACCIÓN | |
| campo de control | 20260511145843.0 |
| 008 - DATOS DE LONGITUD FIJA--INFORMACIÓN GENERAL | |
| campo de control de longitud fija | 161024s1968 ag |||| |bspa d |
| 080 ## - NÚMERO DE LA CLASIFICACIÓN DECIMAL UNIVERSAL | |
| Número de la Clasificación Decimal Universal | 929 Tolstoi, Lev Nikolaievich |
| 100 ## - ENTRADA PRINCIPAL--NOMBRE DE PERSONA | |
| Nombre de persona | Troyat, Henri, |
| Fechas asociadas al nombre | 1911-2007 |
| 9 (RLIN) | 233580 |
| 245 10 - MENCIÓN DEL TÍTULO | |
| Título | Tolstoi |
| Resto del título | : el apóstol de la no violencia : biografía novelada / |
| Mención de responsabilidad, etc. | Henri Troyat. |
| 246 38 - FORMA VARIANTE DEL TITULO | |
| Título propio/Titulo breve | Tolstoi. |
| Número de parte o sección de la obra | 3 |
| 260 ## - PUBLICACIÓN, DISTRIBUCIÓN, ETC. | |
| Lugar de publicación, distribución, etc. | Buenos Aires : |
| Nombre del editor, distribuidor, etc. | Emecé, |
| Fecha de publicación, distribución, etc. | [1968] |
| 300 ## - DESCRIPCIÓN FÍSICA | |
| Extensión | 393 p. ; |
| Dimensiones | 19 cm. |
| 490 1# - MENCIÓN DE SERIE | |
| Mención de serie | Grandes novelistas |
| 500 ## - NOTA GENERAL | |
| Nota general | Índice. |
| 505 8# - NOTA DE CONTENIDO CON FORMATO | |
| Nota de contenido con formato | Contiene: v. 3 |
| 600 14 - PUNTO DE ACCESO ADICIONAL DE MATERIA--NOMBRE DE PERSONA | |
| Nombre de persona | Tolstói, Lev, |
| Fechas asociadas al nombre | 1828-1910 |
| 9 (RLIN) | 110489 |
| 830 0# - PUNTO DE ACCESO ADICIONAL DE SERIE-TÍTULO UNIFORME | |
| Título uniforme | Grandes novelistas |
| 9 (RLIN) | 181770 |
| 852 ## - LOCALIZACIÓN | |
| Ubicación | ES-MaACL |
| Número de control de estantería | L-30677 |
| Nota libre | . - Donat. Miguel A. Velasco |
| Estatus retirado | Estado de pérdida | Estado de daño | No para préstamo | Biblioteca de origen | Biblioteca actual | Ubicación en estantería | Fecha de adquisición | Fuente de adquisición | Total de préstamos | Signatura topográfica completa | Código de barras | Visto por última vez | Precio de reemplazo | Tipo de ítem Koha |
|---|---|---|---|---|---|---|---|---|---|---|---|---|---|---|
| Biblioteca del Ateneo de Madrid | Biblioteca del Ateneo de Madrid | Depósito 2 | 24/10/2016 | L-30677 | 1196450 | 23/02/2023 | 23/02/2023 | Libro impreso |
